| 000 | 01216nam a2200277 a 4500 | ||
|---|---|---|---|
| 999 |
_c329276 _d329276 |
||
| 003 | BLK | ||
| 005 | 20250115115937.0 | ||
| 008 | 190220b bu ||||| |||| 00| 0 bu d | ||
| 020 | _a9789547922426 | ||
| 040 | _aBLK | ||
| 041 |
_aBUL _cBUL |
||
| 080 |
_aНародна медицина. Лечение с домашни средства _b615.89 _x(035) _z615.89(035) |
||
| 100 |
_aХилз, Маргарет _eпърви автор _91299 |
||
| 139 |
_aХилз, Маргарет _bХ 49 |
||
| 245 |
_aЯбълков оцет _cМаргарет Хилз ; Прев. Ваня Илиева |
||
| 260 |
_9210029 _aСофия _bСКОРПИО _c2007 |
||
| 300 |
_a128 с. _c24 см |
||
| 380 | _a61 | ||
| 490 |
_9201428 _aПоредица Здраве, дълголетие, естествено оздравяване |
||
| 650 | 0 |
_9311699 _aОцет - свойства и приложение - справочници |
|
| 650 | 0 |
_9242084 _aНародна медицина - рецепти |
|
| 650 | 0 |
_9303496 _aНародна медицина - популярна литература |
|
| 700 |
_9293631 _aИлиева, Ваня _eпрев. |
||
| 942 |
_cKNG _n0 _010 |
||
| 944 |
_k30530 _lМинев Младен |
||